Quizzes
Events
Quiz Creation
Community
Videos
Private Events
Remove Ads
Sign In
Join for FREE
Feedback
Dark Mode
Quiz Categories
Sports
Geography
Music
Movies
Television
Just For Fun
Miscellaneous
History
Literature
Language
Science
Gaming
Entertainment
Religion
Holiday
For Kids
Quiz Lab
Recent
Popular Today
Quiz Kudos Today
Editor Picks
Curator Picks
Quizzes by...
Day
Popularity
Type
Ratings
Length
Year
Community
Subscriptions
Recent Discussions
Orange Saloon
Badges
Playlists
Quests
Create
Leaderboards
Showdown
Live 5
Trivia Bingo
Activity
Puzzle Library
Sporcle Events
Private Events
Virtual Trivia
Globe League
Become a Host
Pub Owners
SporcleCon
Opinionation
Our Games
Videos
Blog
Mobile Apps
Partnerships
Remove Ads and Go Orange
Feedback
Just For Fun
Clickable
Get the Picture
Humor
Quick Pick
Word Ladder
Missing Word
Mixed Word
Blitz
Minefield
This or That
Alphabet
Color
Typing
Sporcle
Puzzle
Word Play
Follow That Line
Logic
Just For Fun
Clickable
Get the Picture
Humor
Quick Pick
Word Ladder
Missing Word
Mixed Word
Blitz
Minefield
This or That
Alphabet
Color
Typing
Sporcle
Puzzle
Word Play
Follow That Line
Logic
Random Quiz
Search Sporcle
×
Quiz Lab
Quiz Lab
Just For Fun
stella
Type in answers that appear in a list
Type in answers that appear in a list
Classic
Best Score? Go Orange.
The ABC's of Stella's Journey Stats
Can you name the The ABC's of Stella's Journey?
By
Luczel
8m
26 Questions
19 Plays
19 Plays
19 Plays
Comments
Comments
Give Quiz Kudos
Give Quiz Kudos
-
- Ratings
hide this ad
More Info
No Skip
Answers have to be entered in order without skipping
Answers have to be entered in order without skipping
Replay
Link that replays current quiz
Next Quiz
Link to next quiz in quiz playlist
You Got
0%
They Got
Avg Score
53%
Avg Friend Score
Upgrade to see
Score Distribution
Jump to the score distribution portion of the page
Score
0/26
Timer
08:00
0
Plays Today
Hint
Answer
% Correct
?
???
100%
?
???
94.7%
?
???
73.7%
?
???
73.7%
?
???
68.4%
?
???
63.2%
?
???
63.2%
?
???
63.2%
?
???
63.2%
?
???
57.9%
?
???
52.6%
?
???
52.6%
?
???
52.6%
Hint
Answer
% Correct
?
???
52.6%
?
???
52.6%
?
???
52.6%
?
???
52.6%
?
???
52.6%
?
???
52.6%
?
???
42.1%
?
???
42.1%
?
???
31.6%
?
???
26.3%
?
???
21.1%
?
???
21.1%
?
???
21.1%
Quiz Playlist
Details
Report
Send in Message
Add To Playlist
More Info:
Cheers Fellas!
Classic:
Type in answers that appear in a list
No Skip:
Answers have to be entered in order without skipping
Last Updated: Feb 16, 2017
Quiz Scoreboard
CHALLENGE
Sign Up to Join the Scoreboard
Show All
Scores
Hide
Comments
May contain spoilers
Recently Published
One Thing in Common: World Cities II
by knightlancer
Geography
7m
Popular People in 1961
by mucciniale
History
6m
1-10 Letter E Words III
by El_Dandy
Language
2m
More to Explore
Quiz From the Vault
Featured Blog Post
Where Did the Easter Bunny Come From?
hide this ad
You Might Also Like...
Tags
ABC
Journey
stella
Today's Top Quizzes in Just For Fun
Browse Just For Fun
hide this ad
Top Contributed Quizzes in Just For Fun
1
Harry Potter Logic - 'In Chains' II
2
Survivor Winners Logic Puzzle
3
Crossword Whiteout! 49
4
Letter's Position in the Alphabet Blitz
5
Thermometer Puzzle 25
6
Aquarium Logic Puzzle 17
7
Big Thermometer Puzzle 21
8
Clickable 1 to 100 Minefield
9
K-Pop Idol Olympics Logic Quiz II
10
Tapa Puzzle
Explore More
Trending Topics
Kpop
Disney
Crossword
Marvel
Anime
NBA
Harry Potter
Pokémon
Soccer
Country
WWE
The Office
NFL
Puzzle
Song
hide this ad
More By:
Luczel
Quiz
Plays
Rating
Category
Featured
Created
The ABC's of Stella's Journey
19
Just For Fun
Jul 16, 2010
Go to Creator's Profile
Score Distribution
Quiz Creator Spotlight
Luczel
Follow
Send a Message
Quizzes Created
-
Created Quiz Play Count
-
More By This Creator
Popular Quizzes Today
1
Find the US States - No Outlines Minefield
2
The Countries of the World
3
Find the Countries of Europe - No Outlines Minefield
4
Popular People in 1961
5
1-10 Letter E Words III
6
Find the US States
7
One Thing in Common: World Cities II
8
US States
More Just For Fun Quizzes
Quick Pick: US States in Song Titles
Published
Trending Quizzes
Risky Map Clicking: Least Populous States A-Z
1-10 Letter F Words
1-10 Letter G Words
One Thing in Common: United Kingdom
Risky Map Clicking: Next State Alphabetically
Recently Updated
Leaping Animals
pecheneg
Reality TV Shows (A-Z)
bhenderson79
Rickey Henderson's Hall of Fame Teammates
pecheneg
Champions League XIs: Arsenal
pecheneg
Quick Pick: Celebrities in WWE's Hall of Fame
aduchscher
A-Z Keypad Blitz II
pecheneg
Multiple Oscar Actors
pecheneg
Mystery Phrase Blitz: Oscar 'Best Actors'
pecheneg
F. Scott Fitzgerald Novels
LTH
Pick 3 Villains
ddd62291
Trending Topics
Anime
Crossword
Marvel
Disney
Kpop
NBA
Harry Potter
Soccer
NFL
Puzzle
The Office
WWE
Song
Country
Pokémon
Your Account Isn't Verified!
In order to create a playlist on Sporcle, you need to verify the email address you used during registration. Go to your
Sporcle Settings
to finish the process.
Report this User
Report this user for behavior that violates our
Community Guidelines
.
Details:
Send Report
Go to the Sporcle.com Mobile Site →
Comments